Cultura Geral - Statistics

Estatísticas Gerais
  • Esse quiz foi jogado 244 vezes
  • A pontuação média é 13 de 15
Estatísticas das Respostas
Questão Resposta % Correto
O que está escrito na bandeira do Brasil? Ordem e Progresso
96%
Com que parte do corpo está relacionado o sentido do tato? Pele
96%
Em qual destes desporto é necessário uma rede a dividir o campo? Voleibol
96%
Que nome se dá, á arte de origem japonesa, de dobrar papel criando diferentes formas representativas? Origami
94%
Um átomo é constituído por neutrões,protões e... Eletrões
91%
Em que país se encontra a cidade de Sevilha? Espanha
91%
Que nome se dá a um polígono de sete lados? Heptágono
91%
O extinto mamute pertencia á família taxonómica de que animail? Elefante
87%
Abraham Lincoln foi líder de que país? Estados Unidos
87%
Que nome se dá ao quebra-cabeças que consiste numa grelha de quadros brancos e pretos onde se devem preencher palavras encadeadas? Palavras Cruzadas
85%
Em que cidade podemos visitar a Porta de Brandemburgo? Berlim
83%
Em que país se encontra a cidade de Nice? França
83%
Que famosa estrutura foi construída para a exposição de Paris de 1889? Torre Eiffel
81%
Quantos anéis tem a bandeira olímpica? 5
74%
Em que país se encontra a cidade de Düsseldorf? Alemanha
74%
Nenhum quiz correspondente encontrado
Distribuição das Pontuações
Porcentagem de Pessoas com Cada Pontuação
Percentil de Números Respondidos
Sua Pontuação Histórica
Você não jogou esse quiz